No time to lose (Record no. 65777)

MARC details
000 -LEADER
fixed length control field 00886cam a2200217 4500
001 - CONTROL NUMBER
control field ABS63265
008 - FIXED-LENGTH DATA ELEMENTS--GENERAL INFORMATION
fixed length control field 000000n2000 000 0 eng u
035 ## - SYSTEM CONTROL NUMBER
System control number (Sirsi) u110301
100 ## - MAIN ENTRY--PERSONAL NAME
Personal name Thomas, S
245 ## - TITLE STATEMENT
Title No time to lose
260 ## - PUBLICATION, DISTRIBUTION, ETC.
Date of publication, distribution, etc. 2000
490 ## - SERIES STATEMENT
Series statement Building
Volume/sequential designation 265(8166) 15 December 2000, 71(1)
520 ## - SUMMARY, ETC.
Summary, etc. Looks at the increasing risk contractors must bear on PFI projects with heavy liability for delays. Contractors should be aware of restrictions on the type of delay events for which they can claim; they should also ensure that the greater risk is reflected in the contract price and that they should consider extra insurance on top of their usual all-risks policy.
590 ## - LOCAL NOTE (RLIN)
Local note ABS
650 ## - SUBJECT ADDED ENTRY--TOPICAL TERM
Topical term or geographic name entry element PFI
650 ## - SUBJECT ADDED ENTRY--TOPICAL TERM
Topical term or geographic name entry element INSURANCE COVER
650 ## - SUBJECT ADDED ENTRY--TOPICAL TERM
Topical term or geographic name entry element ALL RISK INSURANCE
650 ## - SUBJECT ADDED ENTRY--TOPICAL TERM
Topical term or geographic name entry element DELAY
690 ## - LOCAL SUBJECT ADDED ENTRY--TOPICAL TERM (OCLC, RLIN)
Topical term or geographic name as entry element BUILT ENVIRONMENT-BUILDING CONTRACT FORMS
942 ## - ADDED ENTRY ELEMENTS (KOHA)
Suppress in OPAC 0
Holdings
Withdrawn status Lost status Source of classification or shelving scheme Damaged status Not for loan Home library Current library Shelving location Date acquired Total Checkouts Full call number Barcode Date last seen Copy number Price effective from Koha item type
    Dewey Decimal Classification     London London Journal article 10/01/2001   ABS63265 110301-1001 06/08/2019 1 06/08/2019 Journal article